000 00564nam a2200241Ia 4500
003 OSt
005 20221007082548.0
006 a|||||r|||| 00| 0
007 ta
008 221006b |||||||| |||| 00| 0 eng d
024 _a7,387
037 _cTextual
040 _aFLL
_cFLL
_beng
041 _2eng
_aeng
082 _aZ2q, N3.1
110 _aMinistry of law (India)
245 0 _aIndia code
260 _c1993
300 _a276p
_ccm.
700 _aMinistry of law (India)
942 _hZ2q, N3.1
_cTEXL
_2CC
999 _c1166870
_d1166870